Podstata procesního řízení nákupu

Dokončenie z minulého čísla. Metodické východiská realizácie procesného riadenia v podniku: hodnotová analýza, riadenie zmien. Procesné riadenie nákupu. Kľúčové vstupy a výstupy procesu nákup.

Saved in:
Bibliographic Details
Main Author: Lukoszová, Xenie
Format: Book Chapter
Language:Czech
Subjects:
Tags: Add Tag
No Tags, Be the first to tag this record!

MARC

LEADER 00000naa$a2200000$$$4500
001 0004175
005 20231113114608.3
041 0 |a cze 
044 |a CZ 
245 1 0 |a Podstata procesního řízení nákupu  |c aut. Xenie Lukoszová 
520 |a Dokončenie z minulého čísla. Metodické východiská realizácie procesného riadenia v podniku: hodnotová analýza, riadenie zmien. Procesné riadenie nákupu. Kľúčové vstupy a výstupy procesu nákup. 
610 2 0 |a proces pracovný 
610 2 0 |a podnik obchodný 
610 2 0 |a nákup 
610 2 0 |a riadenie procesné 
610 2 0 |a analýza nákladov 
610 2 0 |a analýza hodnotová 
610 2 0 |a riadenie zmien 
100 1 |a Lukoszová, Xenie